[Event "FIN-ch Seniors 65"]
[Site "Helsinki"]
[Date "2024.04.02"]
[Round "5"]
[White "Smeds, Tom"]
[Black "Salmenkivi, Eero"]
[Result "1/2-1/2"]
[WhiteElo "1821"]
[BlackElo "2036"]
[PlyCount "99"]
[EventDate "2024.03.29"]
[EventType "swiss"]
[EventRounds "9"]
[EventCountry "FIN"]
[SourceTitle "CB15_2024"]
[SourceDate "2024.04.10"]
[SourceVersion "1"]
[SourceVersionDate "2024.04.10"]
[SourceQuality "1"]

1. b3 d5 2. Bb2 c5 3. e3 Nf6 4. Nf3 g6 5. Bb5+ Bd7 6. a4 Bg7 7. 0-0 a6 8. Bxd7+ Nbxd7 9. Qe2 0-0 10. d3 b5 11. axb5 axb5 12. Nbd2 Qb6 13. Ne5 Qb7 14. Nxd7 Nxd7 15. Bxg7 Kxg7 16. f4 Rxa1 17. Rxa1 Ra8 18. Rxa8 Qxa8 19. Nf3 Qa1+ 20. Kf2 Qc1 21. Qd2 Qb2 22. e4 Nf6 23. Qe2 Qc1 24. Qd2 Qb2 25. Qe2 Ng4+ 26. Kg3 Nf6 27. Kf2 d4 28. h3 Nd7 29. f5 Nb8 30. fxg6 hxg6 31. h4 Nc6 32. g4 Nb4 33. Ne1 Qc1 34. Kg3 e5 35. Qf2 f6 36. Kg2 Na2 37. Nf3 Nc3 38. g5 Nd1 39. gxf6+ Kxf6 40. Qg3 Qf4 41. Qg5+ Qxg5+ 42. hxg5+ Ke6 43. Ne1 Ne3+ 44. Kf3 c4 45. dxc4 bxc4 46. bxc4 Nxc4 47. Ke2 Nd6 48. Kd3 Nb7 49. Kc4 Nd6+ 50. Kd3 1/2-1/2

[Event "FIN-ch Seniors 65"]
[Site "Helsinki"]
[Date "2024.03.31"]
[Round "3"]
[White "Salmenkivi, Eero"]
[Black "Aakio, Seppo"]
[Result "1-0"]
[WhiteElo "2036"]
[BlackElo "2046"]
[PlyCount "96"]
[EventDate "2024.03.29"]
[EventType "swiss"]
[EventRounds "9"]
[EventCountry "FIN"]
[SourceTitle "CB15_2024"]
[SourceDate "2024.04.10"]
[SourceVersion "1"]
[SourceVersionDate "2024.04.10"]
[SourceQuality "1"]

1. d4 d5 2. Bf4 Nf6 3. e3 c6 4. c4 e6 5. Nc3 Bd6 6. Bg3 0-0 7. Nf3 Bxg3 8. hxg3 Nbd7 9. Bd3 g6 10. Ne5 Nxe5 11. dxe5 Nd7 12. f4 Nc5 13. Be2 dxc4 14. Bxc4 Qxd1+ 15. Rxd1 a5 16. a3 a4 17. Bd3 Rd8 18. Bc2 Rxd1+ 19. Kxd1 h5 20. Ne4 Nxe4 21. Bxe4 Bd7 22. Kc2 Kf8 23. g4 h4 24. Rxh4 Kg7 25. g5 Be8 26. Rh1 Ra5 27. Rd1 Kf8 28. Rd4 Ke7 29. Kc3 Bd7 30. Bc2 c5 31. Rd6 Bc6 32. e4 Ke8 33. g3 Ke7 34. f5 gxf5 35. exf5 exf5 36. Bxf5 c4 37. Kd4 Ra8 38. g6 fxg6 39. Rxg6 Rd8+ 40. Kxc4 Rd2 41. Kc3 Re2 42. e6 Re5 43. g4 Rc5+ 44. Kd4 Rd5+ 45. Kc4 Rb5 46. Rg7+ Kd6 47. Rd7+ Ke5 48. e7 Kf6 1-0

[Event "Helsinki MatSK Weekend"]
[Site "Helsinki"]
[Date "2018.02.24"]
[Round "4"]
[White "Salmenkivi, Eero"]
[Black "Al Argha, Hisham"]
[Result "1/2-1/2"]
[WhiteElo "1983"]
[BlackElo "2199"]
[PlyCount "55"]
[EventDate "2018.02.23"]
[EventType "swiss"]
[EventRounds "7"]
[EventCountry "FIN"]
[SourceTitle "EXT 2019"]
[Source "ChessBase"]
[SourceDate "2018.10.10"]
[SourceVersion "1"]
[SourceVersionDate "2018.10.10"]
[SourceQuality "1"]

1. e4 e5 2. Nc3 Nf6 3. Bc4 c6 4. Nf3 d5 5. exd5 e4 6. Qe2 cxd5 7. Bb5+ Bd7 8. Ne5 Bd6 9. Nxd7 Nbxd7 10. d3 0-0 11. 0-0 Re8 12. dxe4 d4 13. Bxd7 Qxd7 14. Nb5 Rxe4 15. Qd3 h6 16. Nxd6 Qxd6 17. Bd2 Rae8 18. f3 R4e6 19. Rfe1 Rxe1+ 20. Rxe1 Rxe1+ 21. Bxe1 Qe6 22. Bf2 Qxa2 23. Bxd4 Nd5 24. Qe4 Nb4 25. Qe8+ Kh7 26. Qe4+ Kg8 27. Qe8+ Kh7 28. Qe4+ 1/2-1/2